000
00261nam a2200109Ia 4500
001
588941
005
20250717120840.0
008
250717s9999 xx 000 0 und d
245
0
_a
Y-8 DÜŞ AVCISI
_c
AYDA ÇAYIR
260
_b
ERDEM YAYINLARI
_c
2017
300
_b
96
999
_c
588941
_d
588941